Statistiques concernant Culture Générale - Série 1648

Cliquez ici pour prendre le quiz!

Statistiques générales

  • Ce quiz a été pris 74 fois
  • Le résultat moyen est 5 sur 10

Statistiques - réponses

QuestionRéponse% Correct
En 2009, quelle humoriste, prénommée Florence, étrenne son nouveau one-woman-show intitulé "Motherfucker" ?Florence Foresti
91%
Dans quel État d'Amérique se situe la ville de Las Vegas, célèbre pour ses casinos ?Nevada
82%
En compétition, en combien de points la finale d'une partie de pétanque se dispute-t-elle ?13
76%
De quelle ville des États-Unis, Michael Bloomberg est-il devenu maire, après Rudolph Giuliani ?New York
76%
Quel nom italien signifiant "vengeance" décrit l'hostilité et les représailles réciproques entre clans ennemis ?vendetta
76%
Je désigne à la fois un oiseau chanteur, une plante à fleurs jaunes et familièrement un petit avion vétuste. Qui suis-je ?coucou
69%
Dans le Nord de la France, comment appelle-t-on un bar, bistrot,café ?estaminet
38%
Quelle chanteuse canadienne (initiales "AL") a interprété la chanson "Alice", qui figure au générique de fin du "Alice au Pays des Merveilles" de Tim Burton ?Avril Lavigne
21%
En 1788, de quelle ville Talleyrand devient-il l'évêque ?Autun
6%
Quel est le titre de la chanson de Patti LaBelle, dans laquelle elle nous demandait : "Voulez-vous coucher avec moi, ce soir" ?Lady Marmalade
6%

Distribution des résultats

Percentile par nombre de réponses

% des personnes avec chaque résultat

Votre développement - résultats

Vous n’avez pas pris ce quiz